| 000 | 00415pab a2200157 454500 | ||
|---|---|---|---|
| 008 | 180718b1998 xxu||||| |||| 00| 0 eng d | ||
| 100 | _aPatil, Balagouda S. | ||
| 245 | _aFutility of relying on child labour legislation: multiple policy approach needed | ||
| 260 | _c1998 | ||
| 300 | _ap.8 | ||
| 362 | _a21 Aug | ||
| 650 | _aChild welfare | ||
| 650 | _aChild labour | ||
| 773 | _aDeccan Herald | ||
| 909 | _a39435 | ||
| 999 |
_c39435 _d39435 |
||